LEADER 01116nam 2200373 450 001 9910142737303321 005 20200501124239.0 010 $a1-5090-9480-6 035 $a(CKB)1000000000330905 035 $a(WaSeSS)IndRDA00093156 035 $a(EXLCZ)991000000000330905 100 $a20180302d2006 || | 101 0 $aeng 135 $aur||||||||||| 181 $ctxt$2rdacontent 182 $cc$2rdamedia 183 $acr$2rdacarrier 200 10$aHIS '06 $e2006 sixth International Conference on Hybrid Intelligent Systems : 13-15 December 2006 210 1$aNew York :$cIEEE,$d2006. 215 $a1 online resource (72 pages) 300 $aIncludes index. 311 $a0-7695-2662-4 606 $aSoft computing$vCongresses 606 $aHybrid computers$vCongresses 606 $aNeural networks (Computer science)$vCongresses 615 0$aSoft computing 615 0$aHybrid computers 615 0$aNeural networks (Computer science) 801 0$bWaSeSS 801 1$bWaSeSS 906 $aPROCEEDING 912 $a9910142737303321 996 $aHIS '06$92422581 997 $aUNINA LEADER 01800oam 2200469zu 450 001 9910872771603321 005 20241212214819.0 035 $a(CKB)111026746707070 035 $a(SSID)ssj0000445259 035 $a(PQKBManifestationID)12142503 035 $a(PQKBTitleCode)TC0000445259 035 $a(PQKBWorkID)10481464 035 $a(PQKB)11313269 035 $a(EXLCZ)99111026746707070 100 $a20160829d1993 uy 101 0 $aeng 181 $ctxt 182 $cc 183 $acr 200 10$a1993 International Symposium on VLSI Technology, Systems, and Applications : proceedings of technical papers, May 12-14, 1993, Taipei, Taiwan, R.O.C 210 31$a[Place of publication not identified]$cIEEE Service Center$d1993 300 $aBibliographic Level Mode of Issuance: Monograph 311 08$a9780780309784 311 08$a0780309782 606 $aIntegrated circuits$xVery large scale integration$vCongresses 606 $aElectrical & Computer Engineering$2HILCC 606 $aEngineering & Applied Sciences$2HILCC 606 $aElectrical Engineering$2HILCC 615 0$aIntegrated circuits$xVery large scale integration 615 7$aElectrical & Computer Engineering 615 7$aEngineering & Applied Sciences 615 7$aElectrical Engineering 676 $a621.39/5 712 02$aZhongguo gong cheng shi xue hui, 712 02$aGong ye ji shu yan jiu yuan, 712 02$aGuo jia ke xue wei yuan hui, 712 12$aInternational Symposium on VLSI Technology, Systems, and Applications. 801 0$bPQKB 906 $aBOOK 912 $a9910872771603321 996 $a1993 International Symposium on VLSI Technology, Systems, and Applications : proceedings of technical papers, May 12-14, 1993, Taipei, Taiwan, R.O.C$92525507 997 $aUNINA